5 Maiores Economias por Continente - Statistics

Estatísticas Gerais
  • Esse quiz foi jogado 10 762 vezes
  • A pontuação média é 24 de 30
Estatísticas das Respostas
Continente PIB País % Correto
América do Norte 22.7 T Estados Unidos
98%
América do Sul 3.33 T Brasil
97%
América do Norte 1.98 T Canadá
97%
Ásia 26.7 T China
97%
América do Sul 1.02 T Argentina
96%
Oceania 1.42 T Austrália
96%
América do Norte 2.61 T México
96%
Europa 4.74 T Alemanha
95%
Europa 3.23 T França
95%
África 753 B África do Sul
93%
América do Sul 492 B Chile
92%
Ásia 5.59 T Japão
92%
Oceania 227 B Nova Zelândia
91%
América do Sul 781 B Colômbia
90%
Europa 3.33 T Rússia
89%
Europa 3.17 T Reino Unido
88%
África 1.34 T Egito
87%
Europa 2.61 T Itália
86%
América do Sul 439 B Peru
86%
Ásia 10.3 T Índia
82%
Ásia 2.44 T Coreia do Sul
81%
África 1.12 T Nigéria
66%
Ásia 3.51 T Indonésia
61%
Oceania 35.5 B Papua Nova Guiné
59%
África 515 B Argélia
58%
Oceania 11.1 B Fiji
58%
América do Norte 159 B Guatemala
50%
Oceania 1.66 B Ilhas Salomão
39%
África 295 B Etiópia
36%
América do Norte 209 B República Dominicana
34%
Nenhum quiz correspondente encontrado
Distribuição das Pontuações
Porcentagem de Pessoas com Cada Pontuação
Percentil de Números Respondidos
Sua Pontuação Histórica
Você não jogou esse quiz